000 00785nam a22002417a 4500
003 UA-OsUOA
001 50381
007 ta
008 20140605b un ||||| |||| 00| 0 ukr d
100 _aВеденеев Д.
090 _a929
_bВ26
942 _cBK
040 _aUA-OsUOA
_brus
_cUA-OsUOA
_dUA-OsUOA
245 _aОдиссея Василия Кука
_bвоенно-политический портрет последнего командующего УПА
300 _a208 с.
955 _a1
041 _arus
080 _a929
260 _aК.
_bК.И.С.
_c2007
650 7 _a9 Географія. Біографії. Історія
_2UDC
999 _c430495
_d430495